<?xml version="1.0" encoding="UTF-8"?><record xmlns="http://www.loc.gov/MARC21/slim" xmlns:zs="http://docs.oasis-open.org/ns/search-ws/sruResponse">
  <leader>02954cam a22004577a 4500</leader>
  <controlfield tag="001">14126035</controlfield>
  <controlfield tag="005">20250606221828.8</controlfield>
  <controlfield tag="007">cr |||||||||||</controlfield>
  <controlfield tag="008">050930s2005    mau     sb    000 0 eng  </controlfield>
  <datafield ind1=" " ind2=" " tag="035">
    <subfield code="a">14126035</subfield>
  </datafield>
  <datafield ind1=" " ind2=" " tag="906">
    <subfield code="a">7</subfield>
    <subfield code="b">cbc</subfield>
    <subfield code="c">orignew</subfield>
    <subfield code="d">4</subfield>
    <subfield code="e">ncip</subfield>
    <subfield code="f">20</subfield>
    <subfield code="g">y-gencompf</subfield>
  </datafield>
  <datafield ind1="0" ind2=" " tag="925">
    <subfield code="a">undetermined</subfield>
    <subfield code="x">NBER</subfield>
  </datafield>
  <datafield ind1=" " ind2=" " tag="955">
    <subfield code="a">se20 2005-09-30 webcat</subfield>
    <subfield code="i">se20 2005-09-30</subfield>
    <subfield code="e">se20 2005-09-30</subfield>
  </datafield>
  <datafield ind1=" " ind2=" " tag="955">
    <subfield code="a">LCAP batch update 2025-06-01-04:00: LCAPM-989</subfield>
  </datafield>
  <datafield ind1=" " ind2=" " tag="010">
    <subfield code="a">  2005620334</subfield>
  </datafield>
  <datafield ind1=" " ind2=" " tag="040">
    <subfield code="a">DLC</subfield>
    <subfield code="c">DLC</subfield>
  </datafield>
  <datafield ind1=" " ind2=" " tag="043">
    <subfield code="a">n-us---</subfield>
  </datafield>
  <datafield ind1="0" ind2="0" tag="050">
    <subfield code="a">HB1</subfield>
  </datafield>
  <datafield ind1="1" ind2=" " tag="100">
    <subfield code="a">Donohue, John J.,</subfield>
    <subfield code="c">III,</subfield>
    <subfield code="d">1953-</subfield>
  </datafield>
  <datafield ind1="1" ind2="4" tag="245">
    <subfield code="a">The law and economics of antidiscrimination law</subfield>
    <subfield code="h">[electronic resource] /</subfield>
    <subfield code="c">John J. Donohue, III.</subfield>
  </datafield>
  <datafield ind1=" " ind2=" " tag="260">
    <subfield code="a">Cambridge, MA :</subfield>
    <subfield code="b">National Bureau of Economic Research,</subfield>
    <subfield code="c">c2005.</subfield>
  </datafield>
  <datafield ind1=" " ind2=" " tag="336">
    <subfield code="a">text</subfield>
    <subfield code="b">txt</subfield>
    <subfield code="2">rdacontent</subfield>
  </datafield>
  <datafield ind1=" " ind2=" " tag="337">
    <subfield code="a">computer</subfield>
    <subfield code="b">c</subfield>
    <subfield code="2">rdamedia</subfield>
  </datafield>
  <datafield ind1=" " ind2=" " tag="338">
    <subfield code="a">computer disc</subfield>
    <subfield code="b">cd</subfield>
    <subfield code="2">rdacarrier</subfield>
  </datafield>
  <datafield ind1="1" ind2=" " tag="490">
    <subfield code="a">NBER working paper series ;</subfield>
    <subfield code="v">working paper 11631</subfield>
  </datafield>
  <datafield ind1=" " ind2=" " tag="500">
    <subfield code="a">Title from PDF file as viewed on 9/30/2005.</subfield>
  </datafield>
  <datafield ind1=" " ind2=" " tag="504">
    <subfield code="a">Includes bibliographical references.</subfield>
  </datafield>
  <datafield ind1=" " ind2=" " tag="506">
    <subfield code="f">Unrestricted online access</subfield>
  </datafield>
  <datafield ind1="3" ind2=" " tag="520">
    <subfield code="a">"This essay provides an overview of the central theoretical law and economics insights concerning antidiscrimination law across a variety of contexts including discrimination in labor markets, housing markets, consumer purchases, and policing.  The different models of discrimination based on animus, statistical discrimination, and cartel exploitation are analyzed for both race and sex discrimination.  I explore the theoretical arguments for prohibiting private discriminatory conduct and illustrates the tensions that exist between concerns for liberty and equality.  I also discuss the critical point that one cannot automatically attribute observed disparities in various economic or social outcomes to discrimination, and illustrate the complexities in establishing the existence of discrimination.  The major empirical findings showing the effectiveness of federal law in the first decade after passage of the 1964 Civil Rights Act are contrasted with the generally less optimistic findings from subsequent antidiscrimination interventions"--National Bureau of Economic Research web site.</subfield>
  </datafield>
  <datafield ind1=" " ind2=" " tag="530">
    <subfield code="a">Also available in print.</subfield>
  </datafield>
  <datafield ind1=" " ind2=" " tag="538">
    <subfield code="a">Mode of access: World Wide Web.</subfield>
  </datafield>
  <datafield ind1=" " ind2=" " tag="538">
    <subfield code="a">System requirements: Adobe Acrobat Reader.</subfield>
  </datafield>
  <datafield ind1=" " ind2="0" tag="650">
    <subfield code="a">Discrimination in employment</subfield>
    <subfield code="z">United States.</subfield>
  </datafield>
  <datafield ind1=" " ind2="0" tag="650">
    <subfield code="a">Discrimination in housing</subfield>
    <subfield code="z">United States.</subfield>
  </datafield>
  <datafield ind1=" " ind2="0" tag="650">
    <subfield code="a">Race discrimination</subfield>
    <subfield code="x">Economic aspects</subfield>
    <subfield code="z">United States.</subfield>
  </datafield>
  <datafield ind1=" " ind2="0" tag="650">
    <subfield code="a">Race discrimination</subfield>
    <subfield code="x">Law and legislation</subfield>
    <subfield code="z">United States.</subfield>
  </datafield>
  <datafield ind1="2" ind2=" " tag="710">
    <subfield code="a">National Bureau of Economic Research.</subfield>
  </datafield>
  <datafield ind1=" " ind2="0" tag="830">
    <subfield code="a">Working paper series (National Bureau of Economic Research : Online) ;</subfield>
    <subfield code="v">working paper no. 11631.</subfield>
  </datafield>
  <datafield ind1="4" ind2="0" tag="856">
    <subfield code="d">gdcebookspublic</subfield>
    <subfield code="f">2005620334</subfield>
    <subfield code="u">https://hdl.loc.gov/loc.gdc/gdcebookspublic.2005620334</subfield>
  </datafield>
  <datafield ind1="4" ind2="0" tag="856">
    <subfield code="u">http://papers.nber.org/papers/W11631</subfield>
  </datafield>
  <datafield ind1=" " ind2=" " tag="985">
    <subfield code="a">gdc/scd</subfield>
  </datafield>
</record>
